| 000 | 00822nam a2200229 i 4500 | ||
|---|---|---|---|
| 001 | 81783 | ||
| 003 | ES-MaACL | ||
| 005 | 20230906174518.0 | ||
| 007 | t| | ||
| 008 | 041108s1949 sp d |||| | spa d | ||
| 080 | _a809.27 Rifeña-3=60 | ||
| 100 | 1 |
_aIbáñez, Esteban. _964904 |
|
| 245 | 1 | 0 |
_aDiccionario rifeño-español (etimológico) / _cEsteban Ibáñez ; prólogo de Julio Casares. |
| 260 |
_aMadrid : _bInstituto de Estudios Africanos, _c1949 ( _fMaestre) |
||
| 300 |
_aLXXIII, 336 p. ; _c20 cm. |
||
| 594 | _aPrecede al tít.: Consejo Superior de Investigación Científicas. | ||
| 650 | 4 |
_aLengua rifeña- _vDiccionarios- _xEspañol. _9163230 |
|
| 700 | 1 |
_aCasares, Julio, _d1877-1964 _936157 |
|
| 710 | 2 |
_aInstituto de Estudios Africanos. _94881 |
|
| 852 |
_aES-MaACL _jE-517 |
||
| 999 |
_c81783 _d81783 |
||